| 000 | 00423 a2200157 4500 | ||
|---|---|---|---|
| 003 | Nust | ||
| 005 | 20230302111824.0 | ||
| 040 | _cNust | ||
| 082 | _a297.122,NAD | ||
| 100 |
_aNadvi, Molana Syed Abu-UL-Hassan _9109721 |
||
| 245 |
_aDastoor e Hayat / _cSyed Abu Al-Hassan Ali Nadvi |
||
| 260 |
_aKarachi _bMajlis Nasriat Islam _c2006 |
||
| 300 | _a240p. | ||
| 650 |
_aDastoor Hayat _9109722 |
||
| 942 |
_2ddc _cBK _k297.122,NAD |
||
| 999 |
_c187525 _d187525 |
||